Normal view MARC view
  • K.S Menon

Entry Personal Name

Number of records used in: 1

001 - CONTROL NUMBER

  • control field: 126135

003 - CONTROL NUMBER IDENTIFIER

  • control field: NUST

005 - DATE AND TIME OF LATEST TRANSACTION

  • control field: 20240926174754.0

008 - FIXED-LENGTH DATA ELEMENTS

  • fixed length control field: 240926|| aca||aabn | a|a d

040 ## - CATALOGING SOURCE

  • Original cataloging agency: NUST
  • Transcribing agency: NUST

100 ## - HEADING--PERSONAL NAME

  • Personal name: K.S Menon

670 ## - SOURCE DATA FOUND

  • Source citation: Work cat.: (NUST): K.S Menon, Purchasing and Inventory Control, 1995.
© 2023 Central Library, National University of Sciences and Technology. All Rights Reserved.